Interferometary (Record no. 7864)

MARC details
000 -LEADER
fixed length control field 00555nam a2200193Ia 4500
003 - CONTROL NUMBER IDENTIFIER
control field IN-BaIIA
008 - FIXED-LENGTH DATA ELEMENTS--GENERAL INFORMATION
fixed length control field 211028s9999 xx 000 0 eng d
020 ## - INTERNATIONAL STANDARD BOOK NUMBER
International Standard Book Number 0-521-25320-9
040 ## - CATALOGING SOURCE
Transcribing agency IIA Library
080 ## - UNIVERSAL DECIMAL CLASSIFICATION NUMBER
Universal Decimal Classification number 535.41
Item number STE
100 ## - MAIN ENTRY--PERSONAL NAME
Personal name Steel, W. H.
9 (RLIN) 7276
245 #0 - TITLE STATEMENT
Title Interferometary
Statement of responsibility, etc. W. H. Steel
250 ## - EDITION STATEMENT
Edition statement 2nd ed.
260 ## - PUBLICATION, DISTRIBUTION, ETC.
Place of publication, distribution, etc. Cambridge
Name of publisher, distributor, etc. Cambridge University Press
Date of publication, distribution, etc. 1983
300 ## - PHYSICAL DESCRIPTION
Extent xv, 308p.
490 ## - SERIES STATEMENT
Series statement Cambridge monographs on physics
650 ## - SUBJECT ADDED ENTRY--TOPICAL TERM
Topical term or geographic name entry element Interferometry
9 (RLIN) 3249
942 ## - ADDED ENTRY ELEMENTS (KOHA)
Koha item type Books
Holdings
Withdrawn status Lost status Damaged status Not for loan Home library Current library Shelving location Date acquired Cost, normal purchase price Total Checkouts Full call number Barcode Date last seen Cost, replacement price Price effective from Koha item type Purchase Price
        IIA Library-Bangalore IIA Library-Bangalore General Stacks 29/02/1984 513.45   535.41/ STE 8685 05/11/2021 513.45 29/02/1984 Books Rs. 513.45

Powered by Koha